Subnational Flags 3 - Statistics

General Stats
  • This quiz has been taken 158 times
  • The average score is 8 of 15
Answer Stats
Picture Hint Answer % Correct
United Kingdom Wales
99%
United States Hawaii
85%
United States New Mexico
83%
China Tibet
82%
France (Territory) French Polynesia
69%
Japan Tokyo
69%
Canada British Columbia
65%
Belgium Flanders
65%
United States Mississippi
65%
Italy Tuscany
47%
Russia Chechnya
39%
Ecuador Guayaquil
24%
Dem. Rep. of Congo Katanga
13%
Indonesia Aceh
12%
Mexico Durango
12%
No matching quizzes found
Score Distribution
Percent of People with Each Score
Percentile by Number Answered
Your Score History
You have not taken this quiz